000 00284nam a22001337a 4500
008 181015b xxu||||| |||| 00| 0 eng d
020 _a9781560531531
041 _aeng
080 _a617
100 _a6
101 _aANE
245 _aAnesthesia Secrets
_cDuke, J
942 _2udc
_cBK
999 _c49735
_d49735